=LDR 00000nam 2200000 4500 =001 INLIS000000000017910 =005 20130612113115 =008 ***********************************Ind** =035 ##$$0010-061300000017910 =041 ##$$a Ind =082 ##$$a 2x4.122 9 =090 ##$$a 2x4.122 9, Qat t =100 ##$$a Al-Qahthani, Sa'id Bin Ali Wahf =245 ##$$a Tahajjud nabi, Said Bin Ali Bin Wahaf Al-Qahthani =260 ##$$a 2003 $b Yogyakarta =300 ##$$a 120 hlm, 21 cm =650 ##$$a Shalat Sunat Tahajud =850 ##$$a NBPNMAT